[Event "10th EICC"]
[Site "Budva MNE"]
[Date "2009.03.16"]
[Round "10"]
[White "Bykhovsky,An ISR"]
[Black "Kunin,V"]
[Result "1-0"]
[WhiteElo "2459"]
[BlackElo "2546"]
[EventDate "2009.03.06"]

1. d4 d5 2. Nf3 Nf6 3. c4 dxc4 4. e3 a6 5. Bxc4 b5 6. Bb3 e6 7. O-O Bb7 8.
a4 Nbd7 9. Qe2 Qb8 10. Nbd2 c5 11. Bc2 cxd4 12. Nxd4 bxa4 13. Bxa4 Bd6 14.
h3 O-O 15. Nc4 Ne5 16. Nxd6 Qxd6 17. Rd1 Qb6 18. Bd2 Bd5 19. Bc2 Nc6 20.
Bc3 Ne4 21. Bxe4 Bxe4 22. Nxe6 fxe6 23. Qg4 Bg6 24. Qxe6+ Kh8 25. Rd7 Rg8
26. Rd6 Be8 27. Ra4 Rd8 28. Rxd8 Qxd8 29. Rxa6 Bd7 30. Qd6 Qc8 31. Ra4 Be6
32. h4 Rd8 33. Qg3 Qd7 34. Kh2 Rf8 35. h5 h6 36. Qg6 Kg8 37. Bxg7 Bf5 38.
Qxh6 Qxg7 39. Qxc6 Bd7 40. Qd5+ Rf7 41. Rf4 Be8 42. Re4 Bd7 43. Re7 Qf6 44.
Qxf7+ Qxf7 45. Rxf7 Kxf7 46. Kg3 Bc6 47. f3 1-0

[Event "10th EICC"]
[Site "Budva MNE"]
[Date "2009.03.16"]
[Round "10"]
[White "Cvitan,O"]
[Black "Kalezic,B"]
[Result "1/2-1/2"]
[WhiteElo "2542"]
[BlackElo "2460"]
[EventDate "2009.03.06"]

1. c4 e6 2. d4 d5 3. Nc3 c6 4. cxd5 exd5 5. Qc2 Be7 6. Bf4 Nf6 7. e3 O-O 8.
Bd3 g6 9. Nf3 Nh5 10. Bh6 Re8 11. O-O Ng7 12. Rab1 Bf5 13. Bxg7 Bxd3 14.
Qxd3 Kxg7 15. b4 a6 16. a4 Nd7 17. Rfc1 Bd6 18. b5 axb5 19. axb5 Nf6 20.
bxc6 bxc6 21. Ne2 Ra3 22. Rb3 Rxb3 23. Qxb3 Qa8 24. Qc2 1/2-1/2

[Event "10th EICC"]
[Site "Budva MNE"]
[Date "2009.03.16"]
[Round "10"]
[White "Jakovljevic,Vlado"]
[Black "Sanikidze,T"]
[Result "1/2-1/2"]
[WhiteElo "2420"]
[BlackElo "2522"]
[EventDate "2009.03.06"]

1. Nf3 Nf6 2. c4 e6 3. Nc3 d5 4. d4 Bb4 5. Bg5 h6 6. Bxf6 Qxf6 7. cxd5 exd5
8. Qb3 Qd6 9. a3 Bxc3+ 10. Qxc3 O-O 11. Rc1 c6 12. e3 Bf5 13. Bd3 Bxd3 14.
Qxd3 Nd7 15. O-O Rfe8 16. Rc2 a5 17. Re2 a4 18. Nd2 b5 19. Rfe1 Nb6 20. f3
Nc4 21. Qc3 Rab8 22. e4 c5 23. exd5 Rxe2 24. Rxe2 Qxd5 25. dxc5 Qxc5+ 26.
Kh1 Qd5 27. h3 Nb6 28. Qe5 Rd8 29. Qxd5 Nxd5 30. Ne4 f5 31. Rd2 Kf7 32. Nc3
Ke6 33. Nxb5 Rc8 34. Kg1 f4 35. Kf2 Rc1 36. Ke2 Ne3 37. Kd3 Rg1 38. g4 g5
39. Ke4 Nc4 40. Rc2 Re1+ 41. Kd4 Ne5 42. Rc3 Rd1+ 43. Ke4 Re1+ 1/2-1/2

[Event "10th EICC"]
[Site "Budva MNE"]
[Date "2009.03.16"]
[Round "10"]
[White "Ibarra Jerez,JC"]
[Black "D'Costa,L"]
[Result "0-1"]
[WhiteElo "2513"]
[BlackElo "2445"]
[EventDate "2009.03.06"]

1. e4 c5 2. Nf3 e6 3. d4 cxd4 4. Nxd4 a6 5. c4 Nf6 6. Nc3 Qc7 7. a3 b6 8.
Be3 Bb7 9. f3 d6 10. Rc1 Be7 11. Be2 O-O 12. O-O Nbd7 13. b4 Rac8 14. Qd2
Qb8 15. Rc2 Bd8 16. Kh1 Bc7 17. Bg1 Rfd8 18. Rb1 Kh8 19. Na4 Ba8 20. Qc1
Ne5 21. b5 Nxe4 22. fxe4 Bxe4 23. Nc3 Bxc2 24. Qxc2 axb5 25. Ndxb5 Rd7 26.
Nxc7 Rdxc7 27. Bxb6 Rb7 28. c5 dxc5 29. Ba6 Ng4 30. g3 Rxb6 31. Rxb6 Qxb6
32. Bxc8 Qc6+ 33. Ne4 f5 34. Qc4 Qxc8 35. Nxc5 Qc6+ 0-1

[Event "10th EICC"]
[Site "Budva MNE"]
[Date "2009.03.16"]
[Round "10"]
[White "Zueger,B"]
[Black "Prohaszka,P2"]
[Result "1/2-1/2"]
[WhiteElo "2408"]
[BlackElo "2512"]
[EventDate "2009.03.06"]

1. c4 b6 2. Nc3 e6 3. d4 Bb4 4. Bd2 Nf6 5. e4 Bxc3 6. Bxc3 Nxe4 7. Qg4 d5
8. cxd5 Qxd5 9. Qxg7 Rf8 10. Qxh7 Bb7 11. f3 Nxc3 12. bxc3 c5 13. Bb5+ Nd7
14. Qd3 O-O-O 15. Ne2 Rg8 16. O-O Ne5 17. dxe5 Qxd3 18. Bxd3 Rxd3 19. Kf2
Rgd8 20. h4 Ba6 21. Rfe1 Rd2 22. h5 Rc2 23. Rac1 Rb2 24. c4 Rxa2 1/2-1/2

[Event "10th EICC"]
[Site "Budva MNE"]
[Date "2009.03.16"]
[Round "10"]
[White "Ferguson,M"]
[Black "Cebalo,M"]
[Result "1/2-1/2"]
[WhiteElo "2404"]
[BlackElo "2509"]
[EventDate "2009.03.06"]

1. e4 e6 2. d4 d5 3. Nd2 Nf6 4. e5 Nfd7 5. Bd3 c5 6. c3 Nc6 7. Ne2 cxd4 8.
cxd4 f6 9. exf6 Nxf6 10. Nf3 Bd6 11. O-O Qc7 12. Bg5 O-O 13. Rc1 Nh5 14.
Bb1 g6 15. Qd2 Bd7 16. Rfe1 Qb6 17. Be3 Qd8 18. Bg5 Qb6 19. Be3 Rad8 20.
Bg5 1/2-1/2

[Event "10th EICC"]
[Site "Budva MNE"]
[Date "2009.03.16"]
[Round "10"]
[White "Nanu,C"]
[Black "Schroll,G"]
[Result "1/2-1/2"]
[WhiteElo "2506"]
[BlackElo "2430"]
[EventDate "2009.03.06"]

1. d4 f5 2. c4 Nf6 3. Nf3 e6 4. g3 Be7 5. Bg2 O-O 6. O-O d6 7. Nc3 Ne4 8.
Qc2 Nxc3 9. Qxc3 Bf6 10. Qd3 Nc6 11. d5 Ne5 12. Nxe5 1/2-1/2

[Event "10th EICC"]
[Site "Budva MNE"]
[Date "2009.03.16"]
[Round "10"]
[White "Lajthajm,B"]
[Black "Martinovic,Sa"]
[Result "0-1"]
[WhiteElo "2502"]
[BlackElo "2427"]
[EventDate "2009.03.06"]

1. d4 Nf6 2. c4 g6 3. Nc3 Bg7 4. e4 d6 5. h3 O-O 6. Nf3 e5 7. d5 Na6 8. Be3
Nc5 9. Qc2 a5 10. Be2 Bd7 11. Bxc5 dxc5 12. Nxe5 Re8 13. Nd3 Nxe4 14. Nxe4
Rxe4 15. Nxc5 Re5 16. Nxd7 Qxd7 17. O-O Qe7 18. Bf3 Qc5 19. a3 Ra6 20. Qd2
Rb6 21. b4 axb4 22. axb4 Qxb4 23. Ra8+ Bf8 24. Qd4 Re1 25. Rxe1 Qxe1+ 26.
Kh2 Qb4 27. g3 Qe7 28. Rc8 Rf6 29. Kg2 Kg7 30. g4 h6 31. h4 g5 32. hxg5
hxg5 33. Be4 Qc5 34. Qd2 Rf4 35. Qc3+ f6 36. f3 Bd6 37. Qc1 Qd4 38. Qe1
Qxc4 39. Bf5 Qa2+ 40. Kg1 Qxd5 41. Be4 Qe6 42. Rb8 Rxf3 43. Rg8+ Qxg8 44.
Bxf3 Qa2 45. Kf1 Qc4+ 46. Kg2 Qf4 47. Qc3 b5 48. Qd3 b4 49. Kf2 Qh2+ 50.
Ke1 c5 51. Qb5 Qe5+ 52. Kf1 Kh6 53. Qb7 f5 54. gxf5 Qxf5 55. Ke2 Qe6+ 56.
Be4 Be7 57. Qa8 Kg7 58. Kf3 c4 59. Bd5 Qf6+ 60. Kg2 Qb2+ 61. Kf1 Qc1+ 62.
Kg2 Qd2+ 63. Kf3 Qd3+ 64. Kg4 Qd4+ 65. Kf3 g4+ 66. Kg2 c3 67. Qg8+ Kh6 68.
Qe6+ Bf6 69. Be4 b3 70. Qxg4 Qd2+ 71. Kf1 Qc1+ 72. Ke2 Qd2+ 73. Kf1 Qg5 74.
Qh3+ Qh5 75. Qe3+ Qg5 76. Qh3+ Kg7 77. Qd7+ Be7 78. Qb7 c2 79. Bxc2 bxc2
0-1

[Event "10th EICC"]
[Site "Budva MNE"]
[Date "2009.03.16"]
[Round "10"]
[White "Pankov,Ger"]
[Black "Banusz,T"]
[Result "1/2-1/2"]
[WhiteElo "2392"]
[BlackElo "2501"]
[EventDate "2009.03.06"]

1. d4 d5 2. c4 c6 3. Nf3 Nf6 4. e3 Bf5 5. Nc3 e6 6. Nh4 Bg6 7. Nxg6 hxg6 8.
Qb3 Qc7 9. g3 Nbd7 10. Bd2 Nb6 11. cxd5 exd5 12. Be2 Bd6 13. Qc2 Qe7 14.
O-O-O Ne4 15. Nxe4 dxe4 16. Kb1 Nd5 17. f4 O-O-O 18. h4 Kb8 19. g4 Rde8 20.
g5 Bb4 21. Bc1 Qd7 22. Qb3 Ba5 23. Rdg1 Qd6 24. Rg2 Rh7 25. Rgh2 Reh8 26.
Bg4 f6 27. Rh3 Bb6 28. a3 f5 29. Be2 a6 1/2-1/2

[Event "10th EICC"]
[Site "Budva MNE"]
[Date "2009.03.16"]
[Round "10"]
[White "Marinkovic,Sl"]
[Black "Spoelman,W"]
[Result "1/2-1/2"]
[WhiteElo "2388"]
[BlackElo "2493"]
[EventDate "2009.03.06"]

1. e4 c5 2. Nf3 d6 3. d4 cxd4 4. Nxd4 Nf6 5. Nc3 Nc6 6. g3 h5 7. h3 e5 8.
Nde2 Be6 9. Bg2 Qd7 10. Be3 Be7 11. Qd2 O-O 12. O-O-O Na5 13. b3 Rfc8 14.
f4 b5 15. fxe5 dxe5 16. Qxd7 Bxd7 17. Nd5 Nxd5 18. Rxd5 Rc7 19. Rhd1 Rac8
20. c3 Be6 21. Rxe5 a6 22. Bf4 Rb7 23. Rxh5 g6 24. Rhd5 Bxd5 25. exd5 Rd7
26. h4 Re8 27. Nd4 Bd6 28. Bxd6 Rxd6 29. Kd2 Nb7 30. Re1 Rxe1 31. Kxe1 Nc5
32. Kd2 Kg7 33. Ke3 f5 34. b4 Na4 35. Ne6+ Kf6 36. Kd4 Nb6 37. Nc7 Rd7 38.
Ne6 Ke7 39. Nf4 Kd6 40. Nxg6 Rc7 41. Nf4 Rg7 42. Bh3 Rxg3 43. Bxf5 Rf3 44.
Ke4 Rxc3 45. Be6 Rc2 46. h5 Rxa2 47. Kf5 Rh2 48. Kg6 Ke5 49. Nd3+ Kd4 50.
Nf4 Ke5 51. Kg5 Rh1 52. h6 Rg1+ 53. Bg4 Nd7 54. Nh3 Rg2 55. Nf4 Rg1 56. Nh3
Rg2 57. Nf4 Rg1 1/2-1/2

[Event "10th EICC"]
[Site "Budva MNE"]
[Date "2009.03.16"]
[Round "10"]
[White "Reutsky,S"]
[Black "Vavrak,P"]
[Result "0-1"]
[WhiteElo "2381"]
[BlackElo "2488"]
[EventDate "2009.03.06"]

1. e4 e6 2. d4 d5 3. e5 c5 4. c3 Qb6 5. Nf3 Nc6 6. a3 c4 7. g3 Na5 8. Nbd2
Bd7 9. a4 Ne7 10. Bg2 Nc8 11. O-O Qc7 12. Ng5 h6 13. Nh3 Nb6 14. Nf4 Bc6
15. Nh5 Qd7 16. Qg4 O-O-O 17. h4 Bxa4 18. f4 g6 19. Nf6 Qb5 20. h5 Bc2 21.
hxg6 Bxg6 22. Bh3 Be7 23. Qf3 Bxf6 24. exf6 Rhg8 25. f5 Bxf5 26. Bxf5 exf5
27. Qxf5+ Nd7 28. Kh2 Rg6 29. Qh3 a6 30. Rf5 Kb8 31. Ne4 Ka8 32. Nd6 Qb3
33. Rxa5 Nxf6 34. Nxf7 Ng4+ 35. Kg1 Rf8 36. Raxd5 Qc2 37. Bxh6 Nxh6 38.
Nxh6 Qc1+ 39. Kg2 Rh8 40. Qh4 Rhxh6 41. Rh5 Qxb2+ 42. Kh3 Qb1 43. Kh2 Qc2+
44. Kh3 Qd1 45. Kh2 Qe2+ 46. Kh3 Qf1+ 47. Kh2 Rb6 0-1

[Event "10th EICC"]
[Site "Budva MNE"]
[Date "2009.03.16"]
[Round "10"]
[White "Doric,D"]
[Black "Fernandes,Ant"]
[Result "0-1"]
[WhiteElo "2477"]
[BlackElo "2422"]
[EventDate "2009.03.06"]

1. d4 d5 2. c4 e6 3. Nc3 c6 4. e4 dxe4 5. Nxe4 Bb4+ 6. Bd2 Qxd4 7. Bxb4
Qxe4+ 8. Be2 Ne7 9. Nf3 Nd5 10. Ba3 Nf4 11. O-O Nxe2+ 12. Kh1 c5 13. Re1
Nd7 14. Rxe2 Qc6 15. b4 b6 16. b5 Qc7 17. Bb2 O-O 18. Re4 Rd8 19. Qc2 Nf8
20. Rg4 Ng6 21. h4 e5 22. Rg3 f6 23. h5 Nf4 24. h6 Nh5 25. Bxe5 Nxg3+ 26.
Bxg3 Qd7 27. hxg7 Qf5 28. Qe2 Qh5+ 29. Kg1 Bg4 30. Qe7 Bxf3 31. gxf3 Qf7
32. Qe4 Re8 33. Qc2 Rad8 34. Kg2 Qg6 35. Qa4 f5 36. Kf1 f4 37. Bxf4 Qf6 0-1

[Event "10th EICC"]
[Site "Budva MNE"]
[Date "2009.03.16"]
[Round "10"]
[White "Jovanic,O"]
[Black "Golubovic,B"]
[Result "1-0"]
[WhiteElo "2527"]
[BlackElo "2403"]
[EventDate "2009.03.06"]

1. d4 d5 2. c4 dxc4 3. e3 e5 4. Bxc4 exd4 5. exd4 Nf6 6. Nf3 Bd6 7. O-O O-O
8. h3 h6 9. Nc3 Nc6 10. Qc2 Nb4 11. Qb1 Be6 12. Bxe6 fxe6 13. Re1 Qd7 14.
Bd2 Rae8 15. Re2 Nc6 16. Qd3 Nb4 17. Qc4 Nbd5 18. Rae1 c6 19. Qa4 a6 20.
Qc2 Nh5 21. Qe4 Nhf6 22. Qh4 Qf7 23. Ne4 Nxe4 24. Qxe4 Re7 25. Nh4 Rfe8 26.
Ng6 Rd7 27. a3 Qf6 28. Qg4 Kf7 29. Nh4 Rde7 30. Re4 g5 31. Qh5+ Kg7 32. Nf3
Qg6 33. Qxg6+ Kxg6 34. g3 Nf6 35. R4e2 Nd7 36. Bc3 Nf8 37. Nd2 Rd8 38. Nc4
Rf7 39. Re4 Bb8 40. Bb4 Kh7 41. R1e2 Ba7 42. Ne5 Rg7 43. Kg2 Nd7 44. Nf3 c5
45. dxc5 Nxc5 46. Bxc5 Bxc5 47. Rxe6 a5 48. Rf6 Rg6 49. Rf7+ Rg7 50. Rf6
Rg6 51. Rf7+ Rg7 52. Rxg7+ Kxg7 53. a4 Rd3 54. Nd2 Kf7 55. Nc4 Rd7 56. b3
Bb4 57. Re5 Rd3 58. Rb5 Ke6 59. Rxb7 Rc3 60. Rb5 Rc2 61. g4 Bc3 62. Nxa5
Bd4 63. Rf5 1-0

[Event "10th EICC"]
[Site "Budva MNE"]
[Date "2009.03.16"]
[Round "10"]
[White "Saric,A"]
[Black "Kojovic,D"]
[Result "1/2-1/2"]
[WhiteElo "2514"]
[BlackElo "2403"]
[EventDate "2009.03.06"]

1. Nf3 Nf6 2. g3 g6 3. b3 Bg7 4. Bb2 d5 5. c4 O-O 6. cxd5 Nxd5 7. Bxg7 Kxg7
8. Bg2 c5 9. O-O Nc6 10. d4 cxd4 11. Nxd4 Ndb4 12. Nxc6 Nxc6 13. Nc3 Qa5
14. Bxc6 Qxc3 15. Bg2 Rb8 16. Rc1 Qe5 17. Qd5 Qxd5 18. Bxd5 Rd8 19. Rfd1 b6
20. f4 Bg4 21. Kf2 1/2-1/2

[Event "10th EICC"]
[Site "Budva MNE"]
[Date "2009.03.16"]
[Round "10"]
[White "Kreisl,R"]
[Black "Simacek,P"]
[Result "1/2-1/2"]
[WhiteElo "2394"]
[BlackElo "2493"]
[EventDate "2009.03.06"]

1. e4 e5 2. Nf3 Nc6 3. Bb5 a6 4. Ba4 Nf6 5. O-O Nxe4 6. d4 b5 7. Bb3 d5 8.
dxe5 Be6 9. Nbd2 Nc5 10. c3 d4 11. Bxe6 Nxe6 12. cxd4 Ncxd4 13. a4 Rb8 14.
axb5 axb5 15. Ne4 Be7 16. Be3 Nf5 17. Ba7 Qxd1 18. Rfxd1 Rd8 19. g4 Nh4 20.
Nxh4 Bxh4 21. Rxd8+ Bxd8 22. Be3 h5 23. h3 hxg4 24. hxg4 Kd7 25. Kg2 g5 26.
Ra5 b4 27. Nc5+ Nxc5 28. Bxc5 Be7 29. Bxe7 Kxe7 30. Rb5 Rd8 31. Rxb4 Rd5
32. Rc4 Kd7 33. Re4 Ke6 34. Rc4 c5 1/2-1/2

[Event "10th EICC"]
[Site "Budva MNE"]
[Date "2009.03.16"]
[Round "10"]
[White "Levin,Ev"]
[Black "Berbatov,K"]
[Result "1/2-1/2"]
[WhiteElo "2484"]
[BlackElo "2392"]
[EventDate "2009.03.06"]

1. d4 Nf6 2. c4 g6 3. Nc3 Bg7 4. Nf3 O-O 5. g3 d6 6. Bg2 Nc6 7. O-O e5 8.
d5 Ne7 9. c5 b5 10. cxb6 axb6 11. a4 Ne8 12. Nd2 f5 13. Nc4 Bb7 14. Bg5 h6
15. Bxe7 Qxe7 16. a5 bxa5 17. Nxa5 Ba6 18. Nc6 Qf7 19. Ra5 Nf6 20. Qd2 Bb7
21. Nb5 e4 22. Rc1 Nxd5 23. Nxd6 cxd6 24. Rxd5 Bxc6 25. Rxc6 Ra1+ 26. Bf1
e3 27. fxe3 Be5 28. Ra5 Rxa5 29. Qxa5 Qb3 30. Qb6 Qxb2 31. Rxd6 Qxb6 32.
Rxb6 Kf7 33. Bg2 Rb8 34. Ra6 h5 35. Ra7+ Kf6 36. Bd5 Rb5 37. Bg8 Rb1+ 38.
Kf2 h4 39. Rf7+ Kg5 40. gxh4+ Kxh4 41. Rh7+ Kg5 42. Bd5 Bd6 43. h4+ Kf6 44.
h5 gxh5 45. Rh6+ Ke7 46. Rxh5 Rb8 47. Rh7+ Kf6 48. Bc4 Rf8 49. Kf3 Kg6 50.
Rd7 Rf6 51. e4 fxe4+ 52. Kxe4 Bh2 53. Bd3 Rf7 54. Rd8 Kg7 55. Ra8 Re7+ 56.
Kd5 Be5 57. Bf5 Bh2 58. Be6 Rb7 59. e4 Rb5+ 60. Kc6 Re5 61. Bd5 Re7 62. Ra2
Be5 63. Rg2+ Kf6 64. Rg8 Rc7+ 65. Kb6 Rc1 66. Re8 Bd4+ 67. Kb7 Rc2 68. Re6+
Kg5 69. Bc6 Kf4 70. Re8 Be5 71. Rf8+ 1/2-1/2

[Event "10th EICC"]
[Site "Budva MNE"]
[Date "2009.03.16"]
[Round "10"]
[White "Todorovic,GN"]
[Black "Lintchevski,D"]
[Result "0-1"]
[WhiteElo "2389"]
[BlackElo "2481"]
[EventDate "2009.03.06"]

1. c4 e5 2. Nc3 Nf6 3. Nf3 Nc6 4. e3 Be7 5. Be2 d5 6. cxd5 Nxd5 7. d3 Be6
8. O-O O-O 9. Bd2 Nb6 10. a3 a5 11. Na4 Nd7 12. Qc2 f5 13. Rfc1 Bd6 14. Be1
Qe7 15. Nd2 Qf7 16. Bf3 Ra6 17. Nc4 g5 18. Nc3 g4 19. Be2 Bxc4 20. dxc4 e4
21. Nxe4 fxe4 22. c5 Bxh2+ 23. Kxh2 Nd4 24. Bc4 Rh6+ 25. Kg1 Nxc2 26. Bxf7+
Rxf7 27. Rxc2 Ne5 28. Bxa5 Nf3+ 29. Kf1 Rh1+ 30. Ke2 Rxa1 31. gxf3 exf3+
32. Kd3 g3 0-1

[Event "10th EICC"]
[Site "Budva MNE"]
[Date "2009.03.16"]
[Round "10"]
[White "Gallagher,Jo"]
[Black "Lekic,D"]
[Result "0-1"]
[WhiteElo "2480"]
[BlackElo "2390"]
[EventDate "2009.03.06"]

1. e4 c5 2. Nf3 d6 3. d4 cxd4 4. Nxd4 Nf6 5. Nc3 Nc6 6. Bc4 e6 7. Be3 a6 8.
Qe2 Qc7 9. O-O-O Na5 10. Bd3 b5 11. g4 b4 12. Nb1 e5 13. Nf5 Be6 14. b3 g6
15. Bg5 Nd7 16. Ne3 f6 17. Bh4 Bh6 18. Kb2 Nc6 19. c3 Ke7 20. Bc4 Bxe3 21.
Bxe6 Bc5 22. Bxd7 Qxd7 23. g5 f5 24. f4 Rhf8 25. fxe5 Nxe5 26. cxb4 Bxb4
27. exf5 Qxf5 28. a3 Qf3 29. Qxf3 Nxf3 30. Bg3 Bc5 31. Nc3 Bd4 32. Rhf1
Rac8 33. Rd3 Rxc3 34. Rxc3 Rf5 35. Kc2 Bxc3 36. Kxc3 Nxg5 37. Rxf5 gxf5 38.
Bh4 h6 39. b4 Kd7 40. a4 f4 41. Kd3 Nf3 42. Bf2 Nxh2 43. Ke4 Ng4 44. Bd4
Ne5 45. b5 axb5 46. axb5 f3 47. Ke3 h5 48. Kf2 h4 49. Ba7 Kc7 50. Bd4 Kb7
51. Kg1 Ng4 0-1

[Event "10th EICC"]
[Site "Budva MNE"]
[Date "2009.03.16"]
[Round "10"]
[White "Onoprienko,V"]
[Black "Todorovic,GM"]
[Result "0-1"]
[WhiteElo "2372"]
[BlackElo "2471"]
[EventDate "2009.03.06"]

1. e4 e5 2. Nf3 Nc6 3. Bb5 a6 4. Ba4 Nf6 5. O-O Bc5 6. d3 b5 7. Bb3 d6 8.
c3 h6 9. h3 O-O 10. a4 Rb8 11. axb5 axb5 12. d4 Bb6 13. Be3 Re8 14. Nbd2
exd4 15. cxd4 Nb4 16. Bxf7+ Kxf7 17. Qb3+ Nbd5 18. exd5 Qd7 19. Nb1 Qf5 20.
Nc3 Qh5 21. Nh2 Bd7 22. Rfc1 Kg8 23. Nxb5 Re4 24. Nc3 Rh4 25. Qd1 Qg6 26.
Ne2 Nxd5 27. Ra3 Kh8 28. Bd2 Rxh3 29. Nf4 Nxf4 30. Bxf4 Rxa3 31. bxa3 Rf8
32. Qd2 Qe4 33. Bg3 Rf6 34. f3 Qd5 35. Bf2 Rg6 36. Kh1 Re6 37. Ng4 Re8 38.
Qf4 Re2 39. Kg1 Qf5 40. Qxf5 Bxf5 41. d5 Ba5 42. Rc4 h5 43. Ne3 Bg6 44. Nf1
Rb2 45. Ra4 Rb5 46. Ne3 Bf7 47. Rd4 Rb1+ 48. Kh2 Bb6 49. Rb4 Ra1 50. Nc2
Ra2 51. Bxb6 Rxc2 52. Bd4 Bxd5 53. Kg3 Kh7 54. Rb2 Rc4 55. Rd2 Bf7 56. Bb2
g5 57. Rd4 Rc2 58. Rb4 Be6 59. Kh2 h4 60. Kg1 g4 61. Bd4 c5 62. Rb7+ Kg6
63. Be3 0-1

[Event "10th EICC"]
[Site "Budva MNE"]
[Date "2009.03.16"]
[Round "10"]
[White "Sidorenko,I"]
[Black "Erdogdu,M"]
[Result "0-1"]
[WhiteElo "2370"]
[BlackElo "2460"]
[EventDate "2009.03.06"]

1. e4 c5 2. Nf3 d6 3. d4 cxd4 4. Nxd4 Nf6 5. Nc3 a6 6. Bg5 e6 7. f4 Qc7 8.
Bxf6 gxf6 9. Be2 Nc6 10. Qd2 h5 11. O-O-O Bd7 12. Kb1 O-O-O 13. Nb3 Be7 14.
h4 Kb8 15. Bf3 Na5 16. Qe2 Nc4 17. Bxh5 Rc8 18. Rh3 f5 19. Bxf7 Rxh4 20.
Rxh4 Bxh4 21. Rd3 Bf6 22. exf5 Nxb2 23. Ne4 Nxd3 24. cxd3 Bb5 25. Bxe6 Rh8
26. a3 Rh1+ 27. Ka2 Qg7 28. Bd5 Ba4 29. Ned2 Qc7 30. Nc4 Qc5 31. Nb2 Qxd5
0-1

[Event "10th EICC"]
[Site "Budva MNE"]
[Date "2009.03.16"]
[Round "10"]
[White "Zolotukhin,V"]
[Black "Papadopoulos,I"]
[Result "0-1"]
[WhiteElo "2358"]
[BlackElo "2455"]
[EventDate "2009.03.06"]

1. e4 c5 2. Nf3 Nc6 3. d4 cxd4 4. Nxd4 Nf6 5. Nc3 e5 6. Ndb5 d6 7. Bg5 a6
8. Na3 b5 9. Nd5 Be7 10. Bxf6 Bxf6 11. c4 b4 12. Nc2 a5 13. Qf3 Be6 14. Rd1
a4 15. Ndxb4 Nxb4 16. Nxb4 Qb8 17. a3 O-O 18. Be2 Bd8 19. O-O Bb6 20. Qc3
Bc5 21. Kh1 Qb7 22. f4 exf4 23. e5 dxe5 24. Qxe5 Bxb4 25. axb4 Qxb4 26.
Rxf4 Rab8 27. Bd3 Qxb2 28. Qe4 g6 29. Qe2 a3 30. Rf2 Qb3 31. Rf3 Rfd8 32.
Rb1 Rxd3 33. Rxb3 Rdxb3 34. Rxb3 Rxb3 35. Qe4 Rb8 0-1

[Event "10th EICC"]
[Site "Budva MNE"]
[Date "2009.03.16"]
[Round "10"]
[White "Vujic,M"]
[Black "Kapnisis,S"]
[Result "0-1"]
[WhiteElo "2322"]
[BlackElo "2441"]
[EventDate "2009.03.06"]

1. e4 e5 2. Nf3 Nc6 3. d4 exd4 4. Nxd4 Bc5 5. Nxc6 Qf6 6. Qf3 bxc6 7. Nd2
d6 8. Qxf6 Nxf6 9. Bd3 O-O 10. O-O Re8 11. h3 a5 12. Re1 a4 13. Nf3 Nd7 14.
Bd2 Bb6 15. Bc3 Nc5 16. Nd2 Be6 17. Bf1 f5 18. exf5 Bxf5 19. Rxe8+ Rxe8 20.
Rc1 Rf8 21. g4 Bg6 22. Bg2 Rxf2 23. Kxf2 Nd3+ 24. Ke2 Nxc1+ 25. Kd1 Nxa2
26. Nb1 d5 27. Be1 Bc5 28. Na3 Nb4 29. Bxb4 Bxb4 30. c4 Bf7 31. Kc2 Kf8 32.
cxd5 cxd5 33. Nb5 c6 34. Nd4 c5 35. Nc6 Bg6+ 36. Kc1 d4 37. Ne5 Be8 38. Be4
g6 39. h4 Kg7 40. h5 Kf6 41. hxg6 hxg6 42. Nc4 Bb5 43. Nb6 Kg5 44. Nd5 Be2
45. Bxg6 Kxg6 46. Nf4+ Kg5 47. Nxe2 d3 48. Ng3 Kxg4 49. Nf1 Kf3 50. Kd1 c4
51. Nh2+ Kf4 52. Nf1 c3 53. bxc3 Bxc3 54. Kc1 Kf3 55. Kb1 Kf2 56. Nh2 Ke2
0-1

[Event "10th EICC"]
[Site "Budva MNE"]
[Date "2009.03.16"]
[Round "10"]
[White "Valeanu,E"]
[Black "Chudinovskikh,A"]
[Result "1-0"]
[WhiteElo "2432"]
[BlackElo "2379"]
[EventDate "2009.03.06"]

1. e4 e5 2. Nf3 Nc6 3. d4 exd4 4. Nxd4 Nf6 5. Nxc6 bxc6 6. e5 Qe7 7. Qe2
Nd5 8. c4 Ba6 9. b3 g6 10. f4 Bg7 11. Qf2 Nf6 12. Be2 Ne4 13. Qe3 f5 14.
Ba3 d6 15. Nd2 Nxd2 16. Qxd2 O-O 17. O-O-O Rfd8 18. Bf3 Bb7 19. Rhe1 Qf7
20. Re3 a5 21. exd6 cxd6 22. Rde1 Qf6 23. Bb2 Qxb2+ 24. Qxb2 Bxb2+ 25. Kxb2
Rd7 26. Re7 Rad8 27. Rxd7 Rxd7 28. Ka3 Kf7 29. Ka4 c5 30. Bxb7 Rxb7 31. Re2
Ra7 32. Kb5 Ra8 33. Kc6 a4 34. Kxd6 axb3 35. axb3 Ra3 36. Re3 Ra5 37. h4 h6
38. Kc6 Kf6 39. Kb6 Ra2 40. g3 g5 41. hxg5+ hxg5 42. fxg5+ Kxg5 43. Kxc5
Kg4 44. b4 Rg2 45. b5 1-0

[Event "10th EICC"]
[Site "Budva MNE"]
[Date "2009.03.16"]
[Round "10"]
[White "Sorgic,D"]
[Black "Savanovic,A"]
[Result "1-0"]
[WhiteElo "2278"]
[BlackElo "2428"]
[EventDate "2009.03.06"]

1. e4 e5 2. Nf3 Nc6 3. Bb5 a6 4. Ba4 Nf6 5. O-O Be7 6. Re1 b5 7. Bb3 d6 8.
c3 O-O 9. h3 Na5 10. Bc2 d5 11. exd5 e4 12. Bxe4 Nxe4 13. Rxe4 Bb7 14. d4
Re8 15. Bf4 Qxd5 16. Re5 Qd7 17. Nbd2 Rac8 18. Qc2 f6 19. Ree1 Bd5 20. a4
Nc4 21. b3 Nxd2 22. Nxd2 Qc6 23. axb5 axb5 24. f3 Bb4 25. Rxe8+ Rxe8 26.
Rc1 Bxc3 27. Qxc3 Re1+ 28. Nf1 1-0

[Event "10th EICC"]
[Site "Budva MNE"]
[Date "2009.03.16"]
[Round "10"]
[White "Klenburg,M"]
[Black "Erturan,Y"]
[Result "1/2-1/2"]
[WhiteElo "2426"]
[BlackElo "2372"]
[EventDate "2009.03.06"]

1. Nf3 c5 2. g3 Nc6 3. Bg2 g6 4. O-O Bg7 5. d3 e6 6. e4 Nge7 7. Re1 d6 8.
c3 O-O 9. Nbd2 b6 10. a3 Bb7 11. Rb1 Qc7 12. Qe2 Rae8 13. Nf1 h6 14. h4 f5
15. Bd2 e5 16. b4 Nd8 17. bxc5 bxc5 18. c4 fxe4 19. dxe4 Ne6 20. Qd3 Nc6
21. Ne3 Ba6 22. Nd5 Qf7 23. Be3 Ned4 24. Nd2 1/2-1/2

[Event "10th EICC"]
[Site "Budva MNE"]
[Date "2009.03.16"]
[Round "10"]
[White "Maksimovic,Br"]
[Black "Berend,F"]
[Result "1-0"]
[WhiteElo "2423"]
[BlackElo "2351"]
[EventDate "2009.03.06"]

1. d4 Nf6 2. c4 e6 3. Nc3 Bb4 4. g3 c5 5. Nf3 cxd4 6. Nxd4 O-O 7. Bg2 d5 8.
cxd5 Nxd5 9. Qb3 Qb6 10. Bxd5 exd5 11. Be3 Bh3 12. g4 Nc6 13. Nxc6 Bxc3+
14. Qxc3 Qxc6 15. Qxc6 bxc6 16. Rg1 f5 17. gxf5 Bxf5 18. Rc1 Rfc8 19. Bd4
g6 20. Rg3 a5 21. Rb3 Rc7 22. Rb6 Rac8 23. Rc5 a4 24. Ra6 Re7 25. Rxa4 Re4
26. Rb4 Rce8 27. e3 Bd7 28. Bc3 Rxb4 29. Bxb4 Re4 30. Bc3 Kf7 31. Bd4 Ke6
32. f4 g5 33. fxg5 Rh4 34. Rc2 Rg4 35. Rf2 Rxg5 36. Rf6+ Ke7 37. Rh6 Rg2
38. Rxh7+ Kd6 39. Rh6+ Be6 40. a4 Rg1+ 41. Kd2 Kd7 42. a5 1-0

[Event "10th EICC"]
[Site "Budva MNE"]
[Date "2009.03.16"]
[Round "10"]
[White "Misailovic,N"]
[Black "Stanojoski,Z"]
[Result "0-1"]
[WhiteElo "2293"]
[BlackElo "2493"]
[EventDate "2009.03.06"]

1. e4 c5 2. Nf3 Nc6 3. d4 cxd4 4. c3 Qa5 5. Bd3 g6 6. b4 Qc7 7. b5 Ne5 8.
Nxe5 Qxe5 9. Bb2 d5 10. cxd4 Qg5 11. Qf3 dxe4 12. Bxe4 Qxb5 13. Nc3 Qxb2
14. Rb1 Qa3 15. Bc6+ Kd8 16. O-O Nf6 17. Bxb7 Rb8 18. Bxc8 Rxc8 19. Rb3 Qd6
20. d5 a6 21. Rfb1 Bh6 22. Rb6 Qf4 23. Qh3 Ng4 24. Rc6 Qxf2+ 25. Kh1 Qf5
26. Rxc8+ Kxc8 27. Qg3 Qf4 28. Qxf4 Bxf4 29. Rb4 Nf2+ 30. Kg1 Nd3 31. Rc4+
Kb7 0-1

[Event "10th EICC"]
[Site "Budva MNE"]
[Date "2009.03.16"]
[Round "10"]
[White "Djurovic,G"]
[Black "Pogorelov,R"]
[Result "1/2-1/2"]
[WhiteElo "2279"]
[BlackElo "2451"]
[EventDate "2009.03.06"]

1. c4 Nf6 2. Nf3 e6 3. g3 a6 4. Nc3 d5 5. cxd5 exd5 6. d4 Bd6 7. Bg5 c6 8.
Bg2 Nbd7 9. O-O O-O 10. Rc1 Re8 11. Nd2 h6 12. Bxf6 Nxf6 13. e3 Bf5 14. Nb3
h5 15. Nc5 Bxc5 16. dxc5 h4 17. Qf3 Be4 18. Qf4 hxg3 19. hxg3 Re6 20. Nxe4
Nxe4 21. Bxe4 Rxe4 22. Qf3 Qe7 23. Rfd1 Qe5 24. Kg2 Re8 25. Rh1 g6 26. Rh7
Re7 27. Rch1 f5 28. R7h6 Rg4 29. R1h4 Rxh4 30. Rxh4 Qxb2 31. Qf4 Qe5 32.
Qg5 Kg7 33. Qh6+ Kf7 34. Qg5 Qf6 35. Rh7+ Ke6 36. Rxe7+ Kxe7 37. Qf4 Qe6
38. Qc7+ Qd7 39. Qe5+ Kf7 40. Qh8 Qe7 41. Qh7+ Kf6 42. Qh8+ Ke6 43. Qg8+
Qf7 44. Qd8 Qe7 45. Qc8+ Kf6 46. Qh8+ Qg7 47. Qd8+ Kf7 48. Qd7+ Kg8 49.
Qe8+ Kh7 50. f4 d4 51. exd4 Qxd4 52. Qe7+ Qg7 53. Qe8 Qc7 54. Kh3 Kg7 55.
a4 a5 56. Qe1 Qd8 57. Kh2 Kh7 58. Qc3 b6 59. Qb2 bxc5 60. Qb7+ Kh6 61. Qxc6
Qe7 62. Qa8 c4 63. Qxa5 Qe2+ 64. Kh3 Qf1+ 65. Kh2 Qf2+ 66. Kh3 Qf3 67. Kh2
c3 68. Qe5 Qf2+ 69. Kh3 Qf1+ 70. Kh2 Qf2+ 71. Kh3 Qf1+ 72. Kh2 Qf2+ 1/2-1/2